Central Library OPAC University of Rajshahi

Culture, resource, and economic activity : (Record no. 43035)

MARC details
000 -LEADER
fixed length control field 00827nam a2200253 a 4500
001 - CONTROL NUMBER
control field 43035
003 - CONTROL NUMBER IDENTIFIER
rucl marc code BD-RjUL
005 - DATE AND TIME OF LATEST TRANSACTION
control field 20211209053632.0
008 - FIXED-LENGTH DATA ELEMENTS--GENERAL INFORMATION
fixed length control field 160619s1971 us ab b 001 0 eng
035 ## - SYSTEM CONTROL NUMBER
System control number (BD-RjUL)43153
System control number GLIS00191509
040 ## - CATALOGING SOURCE
Original cataloging agency DLC
Transcribing agency DLC
Modifying agency m.c.
-- BD-RjUL
Language of cataloging eng
041 ## - LANGUAGE CODE
Language code of text/sound track or separate title eng
082 ## - DEWEY DECIMAL CLASSIFICATION NUMBER
Edition number 23
Classification number 330.9
Author mark and year CUL 1971
090 ## - LOCALLY ASSIGNED LC-TYPE CALL NUMBER (OCLC); LOCAL CALL NUMBER (OCLC)
Classification number (OCLC) (R) ; Classification number, CALL (RLIN) (NR) HF1027
Local cutter number (OCLC) ; Book number/undivided call number, CALL (RLIN) .C968
099 ## - LOCAL FREE-TEXT CALL NUMBER (OCLC)
Bangla Class number HF1027.C968
245 00 - TITLE STATEMENT
Title Culture, resource, and economic activity :
Remainder of title an introduction to economic geography /
Statement of responsibility, etc. Paul F. Griffin [and others] Cartography and artwork by Jay S. Vanderford.
260 ## - PUBLICATION, DISTRIBUTION, ETC. (IMPRINT)
Place of publication, distribution, etc. Boston,
Name of publisher, distributor, etc. Allyn and Bacon
Date of publication, distribution, etc. c1971
300 ## - PHYSICAL DESCRIPTION
Pagination vi, 490 p. :
Illustrations ill. ;
Size 25 cm.
504 ## - BIBLIOGRAPHY, ETC. NOTE
Bibliography, etc Includes bibliography and index.
650 #0 - SUBJECT ADDED ENTRY--TOPICAL TERM
Topical term or geographic name as entry element Economic geography.
9 (RLIN) 132148
700 1# - ADDED ENTRY--PERSONAL NAME
Personal name Griffin, Paul Francis.
942 ## - ADDED ENTRY ELEMENTS (KOHA)
Source of classification or shelving scheme Dewey Decimal Classification
Koha item type Books
Holdings
Lost status Source of classification or shelving scheme Damaged status Not for loan Collection code Permanent Location Current Location Shelving location Date acquired Source of acquisition Total Checkouts Full call number Date last seen Copy number Koha item type
  Dewey Decimal Classification     Non-fiction Central Library, University of Rajshahi Central Library, University of Rajshahi   15/03/1977 Asia foundation   330.9 CUL 1971 19/06/2016 C-2 Books